LEADER 00538nab a2200145 i 4500 001 000000284110 003 CaOOAMICUS 005 20180831165249.0 008 180831n xx uu u0 0und r 013 $a37383 040 $aSeMil$bita 245 10$aPer comprendere la profondità del mistero. - 16 p. - Titolo dalla copertina. 500 $aSuppl. al n. 6, giugno-luglio 1985. 773 0 $tAnno 1.$dBologna : EDB, 1985.$w()238761 996 $6245$aPer comprendere la profondità del mistero. - 16 p. - Titolo dalla copertina$9(OLS)http://semarc/title/365472 LEADER 00828nab a2200133 i 4500 001 000000324588 003 CaOOAMICUS 005 20180831173446.0 008 180831n it uu u0 0ita r 013 $a35470 040 $aSeMil$bita 245 13$aIl Vangelo è presente anche dietro le sbarre. L'esperienza del carcere rientra tra gli ambiti di "pastorale speciale" rivolta principalmente ai seminaristi di quarta e quinta teologia... - In [rubrica] :$bPastorale in carcere. 773 0 $tBuon compleanno Seminario!. - 32 p. - Titolo dalla copertina.$gp.12-13$w()287524 996 $6245$aIl Vangelo è presente anche dietro le sbarre. L'esperienza del carcere rientra tra gli ambiti di "pastorale speciale" rivolta principalmente ai seminaristi di quarta e quinta teologia... - In [rubrica] :$bPastorale in carcere.$9(OLS)http://semarc/title/397872 LEADER 00645naa a2200157 i 4500 001 000000301605 003 CaOOAMICUS 005 20180831172725.0 008 180831n xx u000 u und u 013 $a9339 040 $aSeMil$bita 100 1 $aCappelletti, Vincenzo.$0(OLS)http://semarc/name/34732 245 13$aLa sensibilité artistique de Paul 6. 650 4$aPaolo VI - Arte.$0(OLS)http://semarc/subject/6520 773 0 $tPaul 6. et l'art.$dBrescia : Istituto Paolo 6., 1989.$kPubblicazioni dell'Istituto Paolo 6.$z88-382-3595-3$gp.8-16$w()35547 996 $6245$aLa sensibilité artistique de Paul 6.$9(OLS)http://semarc/title/377599